00514nam a22001697a 450000500170000001000140001702000100003103500130004103700130005408200110006710000240007824500570010226000320015927000920019130000210028350000400030420100810113815.0 aENG-99206 c30.00 aEN-82738 bDBAD/PUB a230.31 aRamachandran, T. N. aMeykan sastra iruppa irupatu /cby T.N. Ramachandran aChennaibNila Muttramc2003 aFlat A-Nutech Vaibhav Flats, 77 (Old No.57), 53 rd Street, Ashok NagarbChennaie600083 a57p.c21cm (pbk) aIncludes bibliograohical references